000 00519nam a2200181 a 4500
001 000009170
005 20200929161515.0
008 090928s1921 dr 000 p spa d
040 _aDO-SdBNP
_bspa
_cBNPHU
082 _aV861.42
_bB641e
100 1 _aBlanco Fombona, Horacio
_923842
245 1 0 _aEstalactitas /
_cHoracio Blanco Fombona.
260 _aSanto Domingo :
_bEl Progreso,
_c1921.
300 _a98 p. ;
_c22 cm.
650 4 _aPoesía venezolana
_94230
650 4 _aLiteratura venezolana
_93816
049 _aBNPD
999 _c8934
_d8934